Southville International School and Colleges
Your cart is empty.
  • Cart
  • Lists
    Public lists Eva Luna New books Lux_list list_1
    Your lists Log in to create your own lists
  • Log in to your account
  • Your cookies
  • Search history
Southville International School and Colleges
  • Advanced search
  • Recent comments
  • Most popular
  • Libraries

Log in to your account

Log in with GOOGLE


If you do not have an external account, but do have a local account, you can still log in:

  1. Home
  2. MARC view: Math Games :
Normal view MARC view ISBD view

Math Games : (Record no. 25927)

[ view plain ]
MARC details
000 -LEADER
fixed length control field 00703nam a22002297a 4500
005 - DATE AND TIME OF LATEST TRANSACTION
control field 20140310183645.0
008 - FIXED-LENGTH DATA ELEMENTS--GENERAL INFORMATION
fixed length control field 140108b xxu||||| |||| 00| 0 eng d
020 ## - INTERNATIONAL STANDARD BOOK NUMBER
International Standard Book Number 9780787970819
050 ## - LIBRARY OF CONGRESS CALL NUMBER
Classification number QA 88.1
Item number .M987mg 2004
100 ## - MAIN ENTRY--PERSONAL NAME
Personal name Muschla, Judith A.
245 ## - TITLE STATEMENT
Title Math Games :
Remainder of title 180 reproductive activities to motivate, excite, and challenge students /
Statement of responsibility, etc Judith A. Muschla.
260 ## - PUBLICATION, DISTRIBUTION, ETC. (IMPRINT)
Place of publication, distribution, etc San Francisco :
Name of publisher, distributor, etc Jossey- Bass A Wiley Print,
Date of publication, distribution, etc 2004.
300 ## - PHYSICAL DESCRIPTION
Extent 213 p. :
Dimensions 27 cm.
650 ## - SUBJECT ADDED ENTRY--TOPICAL TERM
Topical term or geographic name as entry element Whole Numbers
650 ## - SUBJECT ADDED ENTRY--TOPICAL TERM
Topical term or geographic name as entry element Fractions, Decimals, and Percents
650 ## - SUBJECT ADDED ENTRY--TOPICAL TERM
Topical term or geographic name as entry element Geometry
650 ## - SUBJECT ADDED ENTRY--TOPICAL TERM
Topical term or geographic name as entry element Measurements
650 ## - SUBJECT ADDED ENTRY--TOPICAL TERM
Topical term or geographic name as entry element Algebra
700 ## - ADDED ENTRY--PERSONAL NAME
Personal name Muschla, Gary
942 ## - ADDED ENTRY ELEMENTS (KOHA)
Source of classification or shelving scheme Library of Congress Classification
Koha item type Books
Holdings
Withdrawn status Lost status Source of classification or shelving scheme Damaged status Home library Current library Shelving location Date acquired Total Checkouts Full call number Barcode Date last seen Copy number Price effective from Koha item type
    Library of Congress Classification   Luxembourg Library Luxembourg Library Teachers Reference Section 01/08/2014   QA 88.1 .M987mg 2004 19595 01/08/2014 1 01/08/2014 Books

Math Games :

APA

Muschla J. A., Muschla G., . (2004). Math Games. San Francisco: Jossey- Bass A Wiley Print.

Chicago

Muschla Judith A, Muschla Gary, . 2004. Math Games. San Francisco: Jossey- Bass A Wiley Print.

Harvard

Muschla J. A., Muschla G., . (2004). Math Games. San Francisco: Jossey- Bass A Wiley Print.

MLA

Muschla Judith A, Muschla Gary, . Math Games. San Francisco: Jossey- Bass A Wiley Print. 2004.

  • Place hold
  • Print
  • Cite
  • Add to your cart (remove)
  • Save record
    BIBTEX Dublin Core MARCXML MARC (non-Unicode/MARC-8) MARC (Unicode/UTF-8) MARC (Unicode/UTF-8, Standard) MODS (XML) RIS
  • More searches
    Search for this title in:
    Other Libraries (WorldCat) Other Databases (Google Scholar) Online Stores (Bookfinder.com) Open Library (openlibrary.org)

Exporting to Dublin Core...

SOUTHVILLE LIBRARY

Southville International School and Colleges Library

1281 Tropical Ave. Cor. Luxembourg St., BF Homes International, Las Pinas City

Tel. No. 8256374 / 252358 Loc. 117/146

Powered by Koha